MDQL
is popping MORE tags! Check the
thread
!
Quizzes
Events
Quiz Creation
Community
Videos
Private Events
Remove Ads
Sign In
Join for FREE
Feedback
Dark Mode
Quiz Categories
Sports
Geography
Music
Movies
Television
Just For Fun
Miscellaneous
History
Literature
Language
Science
Gaming
Entertainment
Religion
Holiday
For Kids
Quiz Lab
Recent
Popular Today
Quiz Kudos Today
Editor Picks
Curator Picks
Quizzes by...
Day
Popularity
Type
Ratings
Length
Year
Community
Subscriptions
Recent Discussions
Orange Saloon
Badges
Playlists
Quests
Create
Leaderboards
Showdown
Live 5
Trivia Bingo
Activity
Puzzle Library
Sporcle Events
Private Events
Virtual Trivia
Globe League
Become a Host
Pub Owners
SporcleCon
Opinionation
Our Games
Videos
Blog
Mobile Apps
Partnerships
Remove Ads and Go Orange
Feedback
Movies
Disney
Marvel Cinematic Universe
Movie Resume
Movie Titles
Oscar
Actor
Actress
Director
Pixar
Role
Movie Quotes
Movie Characters
Box Office
Nominee
Best Picture
Star Wars
James Bond
Horror Movies
Movies
Disney
Marvel Cinematic Universe
Movie Resume
Movie Titles
Oscar
Actor
Actress
Director
Pixar
Role
Movie Quotes
Movie Characters
Box Office
Nominee
Best Picture
Star Wars
James Bond
Horror Movies
Random Quiz
Search Sporcle
×
Quiz Lab
Quiz Lab
Movies
2005
Type in answers that appear in a list
Type in answers that appear in a list
Classic
Best Score? Go Orange.
Aristocrats comedians Stats
Can you name the comedians featured in the 2005 documentary film 'The Aristocrats'?
By
tani
10m
93 Questions
69 Plays
69 Plays
69 Plays
Comments
Comments
Give Quiz Kudos
Give Quiz Kudos
-
- Ratings
hide this ad
Replay
Link that replays current quiz
Next Quiz
Link to next quiz in quiz playlist
You Got
0%
They Got
Avg Score
12%
Avg Friend Score
Upgrade to see
Score Distribution
Jump to the score distribution portion of the page
Score
0/93
Timer
10:00
0
Plays Today
% Correct
Bob Saget
75.4%
George Carlin
60.9%
Sarah Silverman
59.4%
Gilbert Gottfried
49.3%
Penn & Teller
49.3%
Chris Rock
44.9%
Robin Williams
44.9%
Drew Carey
37.7%
Judy Gold
33.3%
Jon Stewart
33.3%
Whoopi Goldberg
30.4%
Billy the Mime
27.5%
Lewis Black
24.6%
Phyllis Diller
21.7%
Don Rickles
21.7%
Jason Alexander
20.3%
Lisa Lampanelli
20.3%
Richard Lewis
20.3%
Bill Maher
20.3%
Smothers Brothers
20.3%
Steven Wright
18.8%
Larry Miller
15.9%
Trey Parker
15.9%
Matt Stone
15.9%
Doug Stanhope
15.9%
Carrot Top
14.5%
Eddie Izzard
14.5%
Kevin Pollak
14.5%
Billy Connolly
13%
Andy Dick
13%
Eric Idle
13%
% Correct
Paul Reiser
13%
Rita Rudner
13%
Hank Azaria
11.6%
Tim Conway
11.6%
Pat Cooper
11.6%
Richard Jeni
11.6%
Martin Mull
11.6%
Otto and George
11.6%
Jeffrey Ross
11.6%
Joe Franklin
10.1%
Dana Gould
10.1%
Howie Mandel
10.1%
Jonathan Ross
10.1%
Fred Willard
10.1%
Carrie Fisher
8.7%
Dom Irrera
8.7%
Kevin Nealon
8.7%
Emo Philips
8.7%
Michael McKean
7.2%
The Onion
7.2%
Andy Richter
7.2%
Harry Shearer
7.2%
Dave Thomas
7.2%
Shelley Berman
5.8%
Rip Taylor
5.8%
David Brenner
4.3%
Mario Cantone
4.3%
Susie Essman
4.3%
Wendy Liebman
4.3%
Jackie Martling
4.3%
Bruce Vilanch
4.3%
% Correct
Chris Albrecht
2.9%
Jake Johannsen
2.9%
The Amazing Johnathan
2.9%
Merrill Markoe
2.9%
Chuck McCann
2.9%
Taylor Negron
2.9%
T. Sean Shannon
2.9%
Bobby Slayton
2.9%
Johnny Thompson
2.9%
Todd Glass
1.4%
Allan Havey
1.4%
Jay Kogen
1.4%
Sue Kolinsky
1.4%
Jay Marshall
1.4%
Eric Mead
1.4%
Rick Overton
1.4%
Gary Owens
1.4%
Carrie Snow
1.4%
David Steinberg
1.4%
Larry Storch
1.4%
Mark Cohen
0%
Wayne Cotter
0%
Frank DiGiacomo
0%
Eddie Gorodetsky
0%
Alan Kirschenbaum
0%
Paul Krassner
0%
Cathy Ladman
0%
The Passing Zone
0%
Peter Pitofsky
0%
Gregg Rogell
0%
Peter Tilden
0%
Quiz Playlist
Details
Report
Send in Message
Add To Playlist
Classic:
Type in answers that appear in a list
Quiz Source
Last Updated: Feb 16, 2017
Quiz Scoreboard
CHALLENGE
Sign Up to Join the Scoreboard
Show All
Scores
Hide
Comments
May contain spoilers
Recently Published
Holiday 10x10 Sorting Gallery
by lukepisani3
Holiday
15m
Two Season TV Shows II
by 123Four
Television
10m
Image Sorting: Flags VI
by Barbecue
Geography
2m
More to Explore
Quiz From the Vault
Featured Blog Post
14 Easter Pick-up Lines to Find Eggs With
hide this ad
You Might Also Like...
Tags
2005
aristocrat
Comedian
documentary
Featured
Today's Top Quizzes in Movies
Browse Movies
hide this ad
Today's Top Quizzes in 2005
Browse 2005
Top Contributed Quizzes in Movies
1
The ultimate James Bond movie quiz
2
Find The 'Big' Movie
3
Find The 'Wild' Movie
4
Find The 'Blue' Movie
5
Movies By Plot
6
Hidden Star Wars Character II
7
Hidden Star Wars Character III
8
😉 2024 Oscar Nominees by Emoji
9
Hidden Star Wars Character IV
10
25 Best Actor Nominees (1990s)
Explore More
Trending Topics
Crossword
Disney
Anime
NBA
Kpop
Marvel
Harry Potter
The Office
Soccer
Pokémon
NFL
WWE
Puzzle
Country
Song
hide this ad
More By:
tani
Quiz
Plays
Rating
Category
Featured
Created
Aristocrats comedians
69
Movies
Mar 4, 2010
Go to Creator's Profile
Score Distribution
Quiz Creator Spotlight
tani
Follow
Send a Message
Quizzes Created
-
Created Quiz Play Count
-
More By This Creator
Popular Quizzes Today
1
Find the US States - No Outlines Minefield
2
Colored Red Africa Blitz
3
Find the 'City' Movie
4
The Countries of the World
5
Find the US States
6
5x2 Blitz: Bands
7
Find the Countries of Europe - No Outlines Minefield
8
US States
More Movies Quizzes
1990s Movies A-Z IV
Published
Trending Quizzes
Colored Red Europe Blitz I
Colored Red Europe Blitz II
Colored Red Africa Blitz II
Colored Red Europe Blitz III
Colored Red Africa Blitz III
Recently Updated
Odd Team Out - Big 4 Players
pecheneg
Quick Pick: 20 Twenties
pecheneg
March Madness Men's Triple Doubles
pecheneg
How Do You Spell That?
pecheneg
Godzilla Movies
pecheneg
Grab Bag: 4-10 Letters
pecheneg
2024 March Madness Bracket
pecheneg
Famous TV Couples
Peacemaker
Champions League XIs: Real Madrid
pecheneg
Largest US Cities 1790-2010
pecheneg
Trending Topics
Disney
Kpop
Crossword
Harry Potter
Marvel
NBA
Anime
Pokémon
Song
WWE
Puzzle
NFL
The Office
Country
Soccer
Your Account Isn't Verified!
In order to create a playlist on Sporcle, you need to verify the email address you used during registration. Go to your
Sporcle Settings
to finish the process.
Report this User
Report this user for behavior that violates our
Community Guidelines
.
Details:
Send Report
Go to the Sporcle.com Mobile Site →
Comments